Guess the plant 1 - Statistiques

Statistiques générales
  • Ce quiz a été pris 3 fois
  • Le résultat moyen est 4 sur 36
Statistiques - réponses
Par images Réponse % Correct
Basil
100%
Lily
67%
Asphodel
33%
Creeping Ivy
33%
Day Lily
33%
Forget-Me-Not
33%
Lily of the Valley
33%
Peace Lily
33%
Arctic Aloe
0%
Belladonna
0%
Black-Eyed Susans
0%
Coughagus Ivy
0%
Deadly Nightshade
0%
Devil's Snare
0%
Fanged Geranium
0%
Fire Seed Bush
0%
Flitterbloom
0%
Gillyweed
0%
Gunpowder Gloriosas
0%
Hagweed
0%
Hemlock
0%
Knotgrass
0%
Mandrake
0%
Mimbulus Mimbletonia
0%
Morning Glory
0%
Nettle
0%
Poppy
0%
Queen Anne's Lace root
0%
Silverweed
0%
Smogwood
0%
Spider Flower
0%
Spiky Bush
0%
Valerian
0%
Venomous Tentacula
0%
Water Lily
0%
Whispermoss
0%
Aucun quiz correspondant
Distribution des résultats
% des personnes avec chaque résultat
Percentile par nombre de réponses
Votre historique - résultats
Vous n’avez pas pris ce quiz